000 00375cam a22001217a 4500
008 180718b1985 xxu||||| |||| 00| 0 eng d
082 _aB20/Sh23
100 _aSharma, Prabhu Datt
245 _aPaschatya rajnitik vicharon ka itihas
_cby Prabhu Datt Sharma
260 _aJaipur
_bCollege Book Depot
_c1985
300 _a876,xxxvi
650 _aHistory-Plato-Marx-political thought
999 _c440589
_d440589